| 000 -LEADER |
| fixed length control field |
02170cam a22004577a 4500 |
| 001 - CONTROL NUMBER |
| control field |
15883376 |
| 003 - CONTROL NUMBER IDENTIFIER |
| control field |
NUST |
| 005 - DATE AND TIME OF LATEST TRANSACTION |
| control field |
20190906051002.0 |
| 008 - FIXED-LENGTH DATA ELEMENTS--GENERAL INFORMATION |
| fixed length control field |
090827s2008 dcua bt f000 0 eng d |
| 010 ## - LIBRARY OF CONGRESS CONTROL NUMBER |
| LC control number |
2009416992 |
| 035 ## - SYSTEM CONTROL NUMBER |
| System control number |
(OCoLC)ocn501038546 |
| 038 ## - RECORD CONTENT LICENSOR |
| Staff Name |
MSOHAIL |
| 040 ## - CATALOGING SOURCE |
| Original cataloging agency |
WOY |
| Transcribing agency |
WOY |
| Modifying agency |
FHATR |
| -- |
DLC |
| 042 ## - AUTHENTICATION CODE |
| Authentication code |
lccopycat |
| 050 00 - LIBRARY OF CONGRESS CALL NUMBER |
| Classification number |
HE336.C66 |
| Item number |
T437 2008 |
| 082 ## - DEWEY DECIMAL CLASSIFICATION NUMBER |
| Classification number |
388 |
| Author Mark |
DOT |
| 088 ## - REPORT NUMBER |
| Report number |
FHWA-HOP-08-042 |
| 245 00 - TITLE STATEMENT |
| Title |
Technologies that enable congestion pricing : |
| Remainder of title |
a primer. |
| 246 17 - VARYING FORM OF TITLE |
| Title proper/short title |
Congestion pricing : |
| Remainder of title |
technologies that enable congestion pricing |
| 260 ## - PUBLICATION, DISTRIBUTION, ETC. |
| Place of publication, distribution, etc. |
Washington, D.C. : |
| Name of publisher, distributor, etc. |
U.S. Dept. of Transportation, Federal Highway Administration, |
| Date of publication, distribution, etc. |
[2008] |
| 300 ## - PHYSICAL DESCRIPTION |
| Extent |
23 p. : |
| Other physical details |
col. ill. ; |
| Dimensions |
28 cm. |
| 490 1# - SERIES STATEMENT |
| Series statement |
Congestion pricing primer series |
| 500 ## - GENERAL NOTE |
| General note |
Title from cover. |
| 500 ## - GENERAL NOTE |
| General note |
Performed by FHWA Office of Transportation Management |
| 500 ## - GENERAL NOTE |
| General note |
"October 2008"--Cover. |
| 500 ## - GENERAL NOTE |
| General note |
"FHWA-HOP-08-042"--Cover. |
| 504 ## - BIBLIOGRAPHY, ETC. NOTE |
| Bibliography, etc. note |
Includes bibliographical references (p. 23). |
| 520 ## - SUMMARY, ETC. |
| Summary, etc. |
"This volume explores transportation technologies that enable congestion pricing. This document contains the following: the functional processes for tolling and congestion pricing; what technologies there are to consider; how the technologies are applied; examples of how technologies have been applied; what technologies may make it work better in the future"--p. 2. |
| 530 ## - ADDITIONAL PHYSICAL FORM AVAILABLE NOTE |
| Additional physical form available note |
Also available on the Internet. |
| 650 #0 - SUBJECT ADDED ENTRY--TOPICAL TERM |
| Topical term or geographic name entry element |
Congestion pricing. |
| 9 (RLIN) |
20045 |
| 650 #0 - SUBJECT ADDED ENTRY--TOPICAL TERM |
| Topical term or geographic name entry element |
Transportation |
| General subdivision |
Technological innovations. |
| 9 (RLIN) |
20046 |
| 650 #0 - SUBJECT ADDED ENTRY--TOPICAL TERM |
| Topical term or geographic name entry element |
Transportation |
| General subdivision |
Finance. |
| 9 (RLIN) |
20047 |
| 710 1# - ADDED ENTRY--CORPORATE NAME |
| Corporate name or jurisdiction name as entry element |
United States. |
| Subordinate unit |
Federal Highway Administration. |
| -- |
Office of Transportation Management. |
| 9 (RLIN) |
20048 |
| 830 #0 - SERIES ADDED ENTRY--UNIFORM TITLE |
| Uniform title |
Congestion pricing primer series (United States. Federal Highway Administration) |
| 9 (RLIN) |
20049 |
| 856 41 - ELECTRONIC LOCATION AND ACCESS |
| Uniform Resource Identifier |
<a href="http://www.ops.fhwa.dot.gov/publications/fhwahop08042/fhwahop08042.pdf">http://www.ops.fhwa.dot.gov/publications/fhwahop08042/fhwahop08042.pdf</a> |
| 856 41 - ELECTRONIC LOCATION AND ACCESS |
| Uniform Resource Identifier |
<a href="http://worldcat.org/oclc/414543261/viewonline">http://worldcat.org/oclc/414543261/viewonline</a> |
| Materials specified |
View Online |
| 906 ## - LOCAL DATA ELEMENT F, LDF (RLIN) |
| a |
7 |
| b |
cbc |
| c |
copycat |
| d |
3 |
| e |
ncip |
| f |
20 |
| g |
y-gencatlg |
| 942 ## - ADDED ENTRY ELEMENTS (KOHA) |
| Source of classification or shelving scheme |
|
| Koha item type |
Book |